000 01971nam0a2200397 4500
001 RU\NLR\BIBL_A\011609511
005 20221129110150.0
010 _a978-5-389-11619-1
_93000
021 _aRU
_b2017-101168
_97294
035 _a(NLR Aleph) 011609511
035 _a(RuMoRGB)009504381
090 _a10928468
_c10928468
100 _a20180129d2017 k y0rusy50 ca
101 0 _arus
_cund
102 _aRU
105 _aachzzz||||1zd
200 1 _aПисьма к Вере
_fВладимир Набоков
_gкомментарии Ольги Ворониной и Брайана Бойда
_gвступительная статья Брайана Бойда
_gперевод статьи и комментариев Александры Глебовской
210 _aМосква
_cКоЛибри
_d2017
215 _a700, [1] с., [4] л. ил., портр.
_cил., факс.
_d22
225 1 _aБиографии, автобиографии, мемуары
300 _aСодержит нецензурную брань
320 _aУказ. имен: с. 679-699
320 _aУказатель произведений В. Набокова: с. 700-701
333 _a18+
600 1 _aНабоков
_bВ. В.
_f1899 - 1977
_gВладимир Владимирович
_jПереписка
_91074982
_3RU\NLR\AUTH\66100657
686 _aШ5(7США)62-4Набоков В.В.13,0
_2rubbk
686 _aШ5(7США)62-4Набоков В.В.21,0
_2rubbk
686 1 _aШ5(7США)6-4Набоков13
700 1 _7ca
_8rus
_aНабоков
_bВ. В.
_f1899-1977
_gВладимир Владимирович
_9110457
_3RU\NLR\AUTH\77403
702 1 _4570
_7ca
_8rus
_aНабокова
_bВ. Е.
_f1902-1991
_gВера Евсеевна
_92709222
_3RU\NLR\AUTH\770293662
702 1 _aГлебовская
_bА.
_gАлександра
_4730
942 _cBOOK
980 _aNBR
980 _aNB